000 00461nam a2200181Ia 4500
001 5235
005 20260306145853.0
008 260306t2013||||xx |||||||||||||| ||spa||
041 _aESP
082 _a338.4
_bV19
100 _aValdivia Mercado, Sonia
_eAUT
245 0 _aInstrumentos de gestión ambiental para el sector construcción
260 _c2013
300 _a262 páginas :
_c20 cm.
650 _aGEN
654 _aCAN
942 _cLIB
_dJUS
_fJUS
_2ddc
_n
999 _c5235
_d5235